| 000 | 00299 a2200085 4500 | ||
|---|---|---|---|
| 020 | _a978-9356074538 | ||
| 100 | _aTejinder S. Randhawa | ||
| 245 | _aVernacular Architecture of India: Traditional Residential Styles and Spaces | ||
| 260 |
_bINTACH (Indian National Trust for Art and Cultural Heritage) _c2022 |
||
| 999 |
_c11501 _d11501 |
||